| 000 | 00677nam a22002411 4500 | ||
|---|---|---|---|
| 001 | 30334 | ||
| 003 | BD-RjUL | ||
| 005 | 20211209051540.0 | ||
| 008 | 140409s1967 enka b 000 0 eng | ||
| 035 | _a(BD-RjUL)30419 | ||
| 040 |
_aDLC/ICU _cICU _dBD-RjUL _beng |
||
| 041 | _aeng | ||
| 082 | 0 | 0 |
_a530.11 _bPRL 1967 |
| 100 | 1 |
_aProkhovnik, S. J. _992212 |
|
| 245 | 1 | 4 |
_aThe logic of special relativity / _cby S.J. Prokhovnik. |
| 260 |
_aLondon : _bCambridge U.P., _c1967. |
||
| 300 |
_axiv, 128 p. : _bdiagrs. ; _c23 cm. |
||
| 504 | _aBibliography: p. 123-125. | ||
| 650 | 0 |
_aRelativity (Physics) _992213 |
|
| 942 |
_2ddc _cBK |
||
| 999 |
_c30334 _d30334 |
||